000 00739nam a22002177a 4500
005 20100809112237.0
010 _aENG-98507
020 _a8180161080
_c125.00
020 _a9788180161087
_c125.00
035 _aEN-82010
037 _bDBAD/PUB
082 _a658.3
100 _aDhanaraj, S.
_99637
245 _aPersonnel management /
_cby S. Dhanaraj
260 _aCoimbatore
_bTeachers Publishing House
_c2008
270 _a531, Avinashi Road, Peelamedu
_bCoimbatore
_e641004
300 _a150p.
_c21cm (pbk)
650 _aPersonnel management
_99638
942 _2ddc
_cEN
_h658.3
_mDHA
999 _c40265
_d40265